| 000 | 00714cab a2200217 4500 | ||
|---|---|---|---|
| 001 | ABS42344 | ||
| 008 | 090401t1990 xxu||||| |||| 00| 0 eng d | ||
| 035 | _a(Sirsi) u36296 | ||
| 041 | _aeng | ||
| 245 | _aEC`s vision of fair play | ||
| 260 | _c1990 | ||
| 350 | _a0 | ||
| 490 |
_aConstruction News _v(6155) 22 March 1990,40(1) |
||
| 520 | _aExamines the implications for the construction industry in the light of the Mathurin report to the European Commission , which outlines proposals for the licensing of contractors and increased liabilities. | ||
| 650 | _aLIABILITY | ||
| 650 | _aLIMITATION PERIODS | ||
| 650 | _aNEGLIGENCE | ||
| 690 | _aEUROPE-SINGLE MARKET | ||
| 942 | _n0 | ||
| 948 | _c04/03/1997 | ||
| 999 |
_c23621 _d23621 |
||